000 00545nam a2200193Ia 4500
005 20250508151556.0
008 008 250505s9999 xx 000 0 eng d
037 _aTextual
040 _aFEDL
_beng
_cFEDL
041 _aeng
_2eng
084 _a323.3, HAY
_qFEDL
100 _aMayer Kurt B.
_9134023
245 0 _aClass and society
260 _aNew York, USA
_bDoubleday and Company
_c1955
300 _avii,88p.
490 _aDoubleday short studies in sociology
942 _cTEXL
_h323.3, HAY
999 _c1330721
_d1330721